[Event "Balatonlelle Rigo Memorial IM-A 4th"]
[Site "Balatonlelle"]
[Date "2025.06.22"]
[Round "2"]
[White "Csonka, Attila Istvan"]
[Black "Singh, Siddharth"]
[Result "1-0"]
[WhiteElo "2290"]
[BlackElo "2282"]
[PlyCount "47"]
[EventDate "2025.06.21"]
[EventType "tourn"]
[EventRounds "9"]
[EventCountry "HUN"]
[SourceTitle "CB27_2025"]
[SourceDate "2025.07.02"]
[SourceVersion "1"]
[SourceVersionDate "2025.07.02"]
[SourceQuality "1"]

1. e4 c5 2. Nf3 Nc6 3. Bb5 e5 4. 0-0 Bd6 5. Re1 Nge7 6. c3 Qb6 7. Na3 Bb8 8. Bc4 0-0 9. d3 d6 10. h3 h6 11. Rb1 Na5 12. Bd5 Qd8 13. Nc2 Nxd5 14. exd5 b6 15. b4 Nb7 16. d4 exd4 17. cxd4 Bf5 18. Rb3 c4 19. Rbe3 b5 20. Re7 Bc7 21. Nh4 Bd7 22. Qh5 Kh7 23. Bxh6 gxh6 24. Rxf7+ 1-0

[Event "SVK-chT 2425"]
[Site "Slovakia"]
[Date "2025.01.19"]
[Round "4.7"]
[White "Szegi, Tamas"]
[Black "Csonka, Attila Istvan"]
[Result "1/2-1/2"]
[WhiteElo "2141"]
[BlackElo "2271"]
[PlyCount "31"]
[EventDate "2024.11.23"]
[EventType "team-tourn"]
[EventRounds "11"]
[EventCountry "SVK"]
[SourceTitle "CB14_2025"]
[SourceDate "2024.11.01"]
[SourceVersion "1"]
[SourceVersionDate "2024.11.01"]
[SourceQuality "1"]
[WhiteTeam "Komarno"]
[BlackTeam "Dunajska Streda"]
[WhiteTeamCountry "SVK"]
[BlackTeamCountry "SVK"]

1. e4 c5 2. c3 Nf6 3. e5 Nd5 4. d4 cxd4 5. Nf3 e6 6. cxd4 d6 7. Nc3 Nxc3 8. bxc3 Qc7 9. Bd2 Bd7 10. Bd3 Bc6 11. 0-0 Nd7 12. Bf4 dxe5 13. Nxe5 Bd6 14. Qe2 Nxe5 15. Bxe5 Bxe5 16. dxe5 1/2-1/2

[Event "SVK-chT 2425"]
[Site "Slovakia"]
[Date "2024.11.24"]
[Round "2.8"]
[White "Benci, Jozef1"]
[Black "Csonka, Attila Istvan"]
[Result "0-1"]
[WhiteElo "1977"]
[BlackElo "2271"]
[PlyCount "164"]
[EventDate "2024.11.23"]
[EventType "team-tourn"]
[EventRounds "11"]
[EventCountry "SVK"]
[SourceTitle "CB48_2024"]
[SourceDate "2024.11.28"]
[SourceVersion "1"]
[SourceVersionDate "2024.11.28"]
[SourceQuality "1"]
[WhiteTeam "Bratislava KSN"]
[BlackTeam "Dunajska Streda"]
[WhiteTeamCountry "SVK"]
[BlackTeamCountry "SVK"]

1. Nf3 Nf6 2. c4 e6 3. g3 d5 4. b3 c5 5. e3 Nc6 6. Bb2 Be7 7. Bg2 0-0 8. 0-0 dxc4 9. bxc4 Qc7 10. Nc3 a6 11. Qe2 Rd8 12. Rfd1 e5 13. h3 h6 14. d3 Be6 15. e4 Nd4 16. Nxd4 cxd4 17. Nd5 Bxd5 18. exd5 Bd6 19. Rdc1 b6 20. a4 Rab8 21. Qd2 a5 22. Ba3 Bxa3 23. Rxa3 Qd6 24. Rb3 Nd7 25. Rbb1 Nc5 26. Qc2 f5 27. Re1 Rf8 28. Qe2 Rbe8 29. Qd1 Qf6 30. f3 Qg6 31. Kh2 f4 32. g4 Nxd3 33. Qc2 Rf6 34. Red1 Nc5 35. Qxg6 Rxg6 36. Ra1 Rd6 37. h4 Kf7 38. Ra3 g5 39. h5 Re7 40. Re1 Kf6 41. Kg1 Na6 42. Bf1 Rc7 43. Rb3 Nc5 44. Ra3 d3 45. Rc1 e4 46. fxe4 d2 47. Rd1 Nxe4 48. Bd3 Ke5 49. Kg2 f3+ 50. Kxf3 Rf6+ 51. Ke2 Rf2+ 52. Ke3 Rf4 53. Be2 Nd6 54. Rc3 Nxc4+ 55. Bxc4 Rcxc4 56. Rxc4 Rxc4 57. Rxd2 Rxg4 58. d6 Re4+ 59. Kf3 Rf4+ 60. Kg3 Rf8 61. Rb2 Rd8 62. Rxb6 Rxd6 63. Rb5+ Rd5 64. Rb6 Rd3+ 65. Kg2 Rd6 66. Rb5+ Kf4 67. Rxa5 Rd2+ 68. Kf1 Kg4 69. Ra8 Kxh5 70. a5 Ra2 71. a6 Kg4 72. a7 h5 73. Kg1 h4 74. Rb8 Rxa7 75. Rb4+ Kh5 76. Kg2 Ra2+ 77. Kg1 h3 78. Rb3 Kh4 79. Rb4+ g4 80. Rb8 Ra1+ 81. Kf2 g3+ 82. Kf3 Rf1+ 0-1

[Event "SVK-chT 2425"]
[Site "Slovakia"]
[Date "2024.11.23"]
[Round "1.8"]
[White "Csonka, Attila Istvan"]
[Black "Vadila, Ondrej"]
[Result "1/2-1/2"]
[WhiteElo "2271"]
[BlackElo "2206"]
[PlyCount "44"]
[EventDate "2024.11.23"]
[EventType "team-tourn"]
[EventRounds "11"]
[EventCountry "SVK"]
[SourceTitle "CB48_2024"]
[SourceDate "2024.11.28"]
[SourceVersion "1"]
[SourceVersionDate "2024.11.28"]
[SourceQuality "1"]
[WhiteTeam "Dunajska Streda"]
[BlackTeam "Bratislava Slovan"]
[WhiteTeamCountry "SVK"]
[BlackTeamCountry "SVK"]

1. e4 c5 2. Nf3 g6 3. d4 cxd4 4. Qxd4 Nf6 5. e5 Nc6 6. Qa4 Nd5 7. Qe4 Nb6 8. Nc3 Bg7 9. h4 d5 10. exd6 Bf5 11. Qf4 0-0 12. Bb5 e5 13. Qd2 Nb4 14. Ne4 N6d5 15. Bd3 Nxd3+ 16. Qxd3 Nf6 17. Nfg5 Rc8 18. c3 Rc6 19. Be3 Nxe4 20. Nxe4 Bxe4 21. Qxe4 Qxd6 22. Rd1 Qe6 1/2-1/2

[Event "HUN-ch Blitz"]
[Site "Ajka"]
[Date "2024.07.19"]
[Round "12"]
[White "Zwardon, Vojtech"]
[Black "Csonka, Attila Istvan"]
[Result "1/2-1/2"]
[WhiteElo "2458"]
[BlackElo "2287"]
[PlyCount "103"]
[EventDate "2024.07.19"]
[EventType "swiss (blitz)"]
[EventRounds "13"]
[EventCountry "HUN"]
[SourceTitle "CBM 221 Extra"]
[Source "ChessBase"]
[SourceDate "2024.09.30"]
[SourceVersion "1"]
[SourceVersionDate "2024.09.30"]
[SourceQuality "1"]

1. c4 e5 2. g3 Nf6 3. Bg2 d5 4. cxd5 Nxd5 5. Nf3 Nc6 6. 0-0 Nb6 7. b3 Be7 8. Bb2 f6 9. d4 exd4 10. a4 a5 11. Nxd4 Nxd4 12. Bxd4 c6 13. Nc3 Be6 14. Qd3 Nd5 15. Nxd5 Bxd5 16. e4 Be6 17. Qe3 0-0 18. Bb6 Qe8 19. Rad1 Bb4 20. Rd3 Rc8 21. Bc5 Bxc5 22. Qxc5 Qf7 23. Rb1 Ra8 24. Qc3 Qe7 25. Rbd1 Rfd8 26. Bf1 Rxd3 27. Rxd3 Rd8 28. Rxd8+ Qxd8 29. Bc4 Bxc4 30. Qxc4+ Kf8 31. Kg2 Qe7 32. f3 Qe5 33. f4 Qb2+ 34. Kh3 Qd2 35. Qe6 Qd8 36. Kg4 Qe8 37. Qd6+ Qe7 38. Qd3 Qe6+ 39. Kf3 Qe7 40. Qc3 Qd8 41. Qc5+ Kg8 42. Qc4+ Kf8 43. h4 Qd1+ 44. Kg2 h5 45. e5 fxe5 46. fxe5 Qd2+ 47. Kf3 Qd1+ 48. Ke3 Ke7 49. Qg8 Qg4 50. Qb8 Qxg3+ 51. Kd4 Qf2+ 52. Ke4 1/2-1/2

[Event "Balatonlelle Rigo Memorial IM 3rd"]
[Site "Balatonlelle"]
[Date "2024.06.16"]
[Round "5"]
[White "Xylogiannopoulos, Antonios"]
[Black "Csonka, Attila Istvan"]
[Result "1-0"]
[WhiteElo "2194"]
[BlackElo "2306"]
[PlyCount "49"]
[EventDate "2024.06.12"]
[EventType "tourn"]
[EventRounds "9"]
[EventCountry "HUN"]
[EventCategory "2"]
[SourceTitle "CBM 220 Extra"]
[Source "ChessBase"]
[SourceDate "2024.07.31"]
[SourceVersion "1"]
[SourceVersionDate "2024.07.31"]
[SourceQuality "1"]

1. e4 c5 2. c3 Nf6 3. e5 Nd5 4. Nf3 e6 5. d4 cxd4 6. cxd4 d6 7. Bc4 Nc6 8. 0-0 Be7 9. Qe2 0-0 10. Nc3 Nxc3 11. bxc3 dxe5 12. dxe5 Qc7 13. Re1 b6 14. Bd3 Bb7 15. Ng5 Bxg5 16. Bxg5 Ne7 17. Qh5 Nf5 18. g4 Qxc3 19. Rad1 g6 20. Qh3 Nd4 21. Re3 f5 22. exf6 Qc7 23. Be4 Bxe4 24. Rxe4 e5 25. Rdxd4 1-0

[Event "HUN-chT1 Charousek 2324"]
[Site "Hungary"]
[Date "2024.05.12"]
[Round "11.1"]
[White "Vertetics, Attila"]
[Black "Csonka, Attila Istvan"]
[Result "1/2-1/2"]
[WhiteElo "2440"]
[BlackElo "2291"]
[PlyCount "26"]
[EventDate "2023.10.08"]
[EventType "team-tourn"]
[EventRounds "11"]
[EventCountry "HUN"]
[SourceTitle "EXT 2025"]
[Source "ChessBase"]
[SourceDate "2024.10.14"]
[SourceVersion "1"]
[SourceVersionDate "2024.10.14"]
[SourceQuality "1"]
[WhiteTeam "Gyor Elektromos"]
[BlackTeam "Haladas Szombathely II"]
[WhiteTeamCountry "HUN"]
[BlackTeamCountry "HUN"]

1. d4 Nf6 2. Nf3 e6 3. g3 d5 4. Bg2 Be7 5. 0-0 0-0 6. c4 c6 7. Qc2 b5 8. cxd5 cxd5 9. Bf4 Bb7 10. Rc1 Nc6 11. Nbd2 Rc8 12. Qd1 Qb6 13. Nb3 a5 1/2-1/2

[Event "SVK-chT 2324"]
[Site "Slovakia"]
[Date "2024.05.05"]
[Round "11.8"]
[White "Csonka, Attila Istvan"]
[Black "Taragelova, Martina"]
[Result "1-0"]
[WhiteElo "2295"]
[BlackElo "1983"]
[PlyCount "119"]
[EventDate "2023.11.04"]
[EventType "team-tourn"]
[EventRounds "11"]
[EventCountry "SVK"]
[SourceTitle "CBM 220 Extra"]
[Source "ChessBase"]
[SourceDate "2024.07.31"]
[SourceVersion "1"]
[SourceVersionDate "2024.07.31"]
[SourceQuality "1"]
[WhiteTeam "Dunajska Streda"]
[BlackTeam "Liptov Chess School"]
[WhiteTeamCountry "SVK"]
[BlackTeamCountry "SVK"]

1. e4 c6 2. Nc3 d5 3. Nf3 dxe4 4. Nxe4 Nf6 5. Qe2 Na6 6. d4 Nxe4 7. Qxe4 Qd5 8. Qxd5 cxd5 9. Bf4 f6 10. c3 Bf5 11. Bb5+ Kf7 12. h4 Nb8 13. Kd2 h5 14. Rhe1 Nc6 15. Re3 a6 16. Bd3 Bxd3 17. Kxd3 g6 18. Rae1 Rc8 19. Nd2 Bh6 20. Bxh6 Rxh6 21. b4 Rhh8 22. Nb3 b6 23. a4 e5 24. dxe5 Nxe5+ 25. Kc2 Rhe8 26. Rd1 Ng4 27. Rxe8 Rxe8 28. Rxd5 Nxf2 29. Rd2 Ne4 30. Rd7+ Re7 31. Rxe7+ Kxe7 32. Kd3 Nd6 33. Nd4 Kd7 34. c4 Nf7 35. c5 bxc5 36. bxc5 Ne5+ 37. Ke4 Nc4 38. g3 Nb2 39. Kd5 Nxa4 40. c6+ Ke7 41. Ne2 g5 42. Nd4 Nc3+ 43. Kc5 a5 44. Nf5+ Kd8 45. Kb6 Nd5+ 46. Kxa5 Kc7 47. Kb5 gxh4 48. gxh4 Nf4 49. Ng7 Nd5 50. Kc5 Ne7 51. Ne8+ Kc8 52. Nxf6 Nf5 53. Nd5 Nxh4 54. Ne7+ Kc7 55. Kb5 Nf3 56. Nd5+ Kc8 57. Kb6 Ne5 58. Ne7+ Kb8 59. c7+ Ka8 60. c8Q# 1-0

[Event "SVK-chT 2324"]
[Site "Slovakia"]
[Date "2024.05.03"]
[Round "9.8"]
[White "Csonka, Attila Istvan"]
[Black "Vadila, Ondrej"]
[Result "1/2-1/2"]
[WhiteElo "2295"]
[BlackElo "2181"]
[PlyCount "89"]
[EventDate "2023.11.04"]
[EventType "team-tourn"]
[EventRounds "11"]
[EventCountry "SVK"]
[SourceTitle "CBM 220 Extra"]
[Source "ChessBase"]
[SourceDate "2024.07.31"]
[SourceVersion "1"]
[SourceVersionDate "2024.07.31"]
[SourceQuality "1"]
[WhiteTeam "Dunajska Streda"]
[BlackTeam "Bratislava Slovan"]
[WhiteTeamCountry "SVK"]
[BlackTeamCountry "SVK"]

1. e4 c5 2. Nf3 g6 3. d4 cxd4 4. Nxd4 Bg7 5. Nb3 Nc6 6. Be2 Nf6 7. Nc3 0-0 8. 0-0 d6 9. Re1 Be6 10. Bf1 Rc8 11. Nd5 Re8 12. c3 Ne5 13. f3 Nc4 14. Bxc4 Rxc4 15. Qd3 b5 16. Be3 Nxd5 17. exd5 Bf5 18. Qd2 b4 19. Qe2 Qc8 20. Na5 Rc5 21. cxb4 Rxd5 22. Rac1 Qd7 23. Qc4 Be6 24. Qc7 Bxb2 25. Qxd7 Bxd7 26. Rc7 Bb5 27. Bxa7 e5 28. Nb3 Ra8 29. Be3 Kg7 30. Rb1 Rxa2 31. Rc2 Rd3 32. Rbxb2 Rxb2 33. Rxb2 Rxe3 34. Kf2 Rc3 35. Ke1 f5 36. Kd2 Rd3+ 37. Ke1 d5 38. Nc5 Ra3 39. Ne6+ Kf6 40. Nc7 Bc6 41. Rc2 Ba4 42. Nxd5+ Ke6 43. Nc7+ Kd6 44. Rc5 Ra1+ 45. Kf2 1/2-1/2

[Event "SVK-chT 2324"]
[Site "Slovakia"]
[Date "2023.12.09"]
[Round "3.7"]
[White "Csonka, Attila Istvan"]
[Black "Kocmal, Jaroslav"]
[Result "1-0"]
[WhiteElo "2295"]
[BlackElo "1907"]
[PlyCount "65"]
[EventDate "2023.11.04"]
[EventType "team-tourn"]
[EventRounds "11"]
[EventCountry "SVK"]
[SourceTitle "CBM 218 Extra"]
[Source "ChessBase"]
[SourceDate "2024.03.31"]
[SourceVersion "1"]
[SourceVersionDate "2024.03.31"]
[SourceQuality "1"]
[WhiteTeam "Dunajska Streda"]
[BlackTeam "Podhajska Aquamarin"]
[WhiteTeamCountry "SVK"]
[BlackTeamCountry "SVK"]

1. e4 e6 2. d4 d5 3. Nd2 c5 4. Ngf3 Nc6 5. Bb5 Bd6 6. 0-0 cxd4 7. e5 Bc7 8. Nb3 Bd7 9. Bxc6 Bxc6 10. Qxd4 Ne7 11. Qg4 Nf5 12. Bg5 Qb8 13. Rfe1 Bb6 14. Rad1 h6 15. Bc1 Qc7 16. Nbd4 g6 17. Nxf5 gxf5 18. Qh4 Qe7 19. Bg5 Qf8 20. Be3 Ba5 21. c3 Qg7 22. Nd4 Bd8 23. Qh5 Bd7 24. Nxf5 exf5 25. e6 Bxe6 26. Bd4 Qg6 27. Qxg6 fxg6 28. Rxe6+ Kf7 29. Rde1 Rg8 30. Rd6 b6 31. Rd7+ Kf8 32. Re6 Bg5 33. Be5 1-0

[Event "SVK-chT 2324"]
[Site "Slovakia"]
[Date "2023.11.05"]
[Round "2.5"]
[White "Csonka, Attila Istvan"]
[Black "Farkas, Gabor"]
[Result "1/2-1/2"]
[WhiteElo "2295"]
[BlackElo "2286"]
[PlyCount "36"]
[EventDate "2023.11.04"]
[EventType "team-tourn"]
[EventRounds "11"]
[EventCountry "SVK"]
[SourceTitle "CBM 217 Extra"]
[Source "ChessBase"]
[SourceDate "2024.01.31"]
[SourceVersion "1"]
[SourceVersionDate "2024.01.31"]
[SourceQuality "1"]
[WhiteTeam "Dunajska Streda"]
[BlackTeam "Cebovce"]
[WhiteTeamCountry "SVK"]
[BlackTeamCountry "SVK"]

1. e4 e5 2. Nf3 Nc6 3. Bc4 Nf6 4. d3 Be7 5. Nc3 0-0 6. h3 d6 7. 0-0 Na5 8. Bb3 a6 9. Bg5 h6 10. Bxf6 Bxf6 11. Nd5 Be6 12. Nxf6+ Qxf6 13. c3 Nxb3 14. axb3 Qg6 15. Nh4 Qg5 16. Nf3 Qg6 17. Nh4 Qg5 18. Nf3 Qg6 1/2-1/2

[Event "HUN-chT 2324"]
[Site "Hungary"]
[Date "2023.10.29"]
[Round "2.7"]
[White "Szabo, Bence"]
[Black "Csonka, Attila Istvan"]
[Result "1/2-1/2"]
[WhiteElo "2343"]
[BlackElo "2297"]
[PlyCount "36"]
[EventDate "2023.10.28"]
[EventType "team-tourn"]
[EventRounds "9"]
[EventCountry "HUN"]
[SourceTitle "CBM 216 Extra"]
[Source "ChessBase"]
[SourceDate "2023.11.30"]
[SourceVersion "1"]
[SourceVersionDate "2023.11.30"]
[SourceQuality "1"]
[WhiteTeam "Kobanya Aquarena"]
[BlackTeam "Haladas"]
[WhiteTeamCountry "HUN"]
[BlackTeamCountry "HUN"]

1. c4 c5 2. Nf3 Nf6 3. Nc3 e6 4. g3 d5 5. cxd5 exd5 6. d4 Nc6 7. Bg2 Be7 8. 0-0 0-0 9. dxc5 Bxc5 10. Na4 Be7 11. Be3 Re8 12. Rc1 Bg4 13. Nc5 Qb6 14. Ne6 Qa5 15. Bd2 Qb6 16. Be3 Qa5 17. Bd2 Qb6 18. Be3 Qa5 1/2-1/2

[Event "EU-Cup 38th"]
[Site "Durres"]
[Date "2023.10.06"]
[Round "6.5"]
[White "Csonka, Attila Istvan"]
[Black "Slavin, Gennadie"]
[Result "1/2-1/2"]
[WhiteElo "2297"]
[BlackElo "2235"]
[PlyCount "120"]
[EventDate "2023.10.01"]
[EventType "team-swiss"]
[EventRounds "7"]
[EventCountry "ALB"]
[SourceTitle "CBM 216 Extra"]
[Source "ChessBase"]
[SourceDate "2023.11.30"]
[SourceVersion "1"]
[SourceVersionDate "2023.11.30"]
[SourceQuality "1"]
[WhiteTeam "Dunajska Streda"]
[BlackTeam "Perfect"]
[WhiteTeamCountry "SVK"]
[BlackTeamCountry "MDA"]

1. e4 e6 2. d4 d5 3. Nd2 Nf6 4. e5 Ne4 5. Bd3 Nxd2 6. Bxd2 c5 7. c3 cxd4 8. cxd4 Qb6 9. Ne2 Bd7 10. a4 Nc6 11. Bc3 Bb4 12. 0-0 Rc8 13. f4 g6 14. Kh1 0-0 15. Qe1 Bxc3 16. bxc3 f5 17. exf6 Rxf6 18. Rf3 Qd8 19. Re3 Na5 20. Qh4 Rf7 21. Qh6 Qf8 22. Qg5 Qe7 23. h4 Nc4 24. Qxe7 Rxe7 25. Bxc4 Rxc4 26. a5 Ra4 27. Rxa4 Bxa4 28. Ng1 Bd1 29. Nh3 Kf7 30. Nf2 Bc2 31. Re2 Ba4 32. Nd3 Bb5 33. Ne5+ Kf6 34. Re3 Rc7 35. Kh2 Ba4 36. g4 Bc2 37. Kg3 b6 38. axb6 axb6 39. Kf2 Be4 40. g5+ Kg7 41. Ng4 Ra7 42. Nf6 Bf5 43. Ne8+ Kf8 44. Nd6 Ra3 45. Nxf5 exf5 46. Re5 Rxc3 47. Rxd5 Rh3 48. Rb5 Rxh4 49. Kg3 Rh1 50. Rxb6 Rd1 51. Rb4 Rh1 52. Kg2 Rh4 53. Kf3 Ke7 54. Rb6 Kd7 55. d5 Kc7 56. Rc6+ Kd7 57. Ke3 Ke7 58. Re6+ Kd7 59. Rf6 Rh1 60. Ra6 Rd1 1/2-1/2

[Event "Balatonlelle Rigo Memorial IM 2nd"]
[Site "Balatonlelle"]
[Date "2023.06.16"]
[Round "3"]
[White "Csonka, Attila Istvan"]
[Black "Bhagat, Kush"]
[Result "1/2-1/2"]
[WhiteElo "2302"]
[BlackElo "2186"]
[PlyCount "25"]
[EventDate "2023.06.14"]
[EventType "tourn"]
[EventRounds "9"]
[EventCountry "HUN"]
[EventCategory "1"]
[SourceTitle "CBM 214 Extra"]
[Source "ChessBase"]
[SourceDate "2023.07.31"]
[SourceVersion "1"]
[SourceVersionDate "2023.07.31"]
[SourceQuality "1"]

1. e4 c5 2. Nf3 d6 3. d4 cxd4 4. Nxd4 Nf6 5. f3 e5 6. Nb3 d5 7. Bg5 Be6 8. Bxf6 gxf6 9. exd5 Qxd5 10. Qxd5 Bxd5 11. Nc3 Be6 12. 0-0-0 Nc6 13. Bb5 1/2-1/2

[Event "SVK-chT 2223"]
[Site "Slovakia"]
[Date "2023.03.31"]
[Round "9.4"]
[White "Csonka, Attila Istvan"]
[Black "Joba, Arpad"]
[Result "1-0"]
[WhiteElo "2314"]
[BlackElo "2073"]
[PlyCount "51"]
[EventDate "2022.10.22"]
[EventType "team-tourn"]
[EventRounds "11"]
[EventCountry "SVK"]
[SourceTitle "EXT 2024"]
[Source "ChessBase"]
[SourceDate "2023.10.10"]
[SourceVersion "1"]
[SourceVersionDate "2023.10.10"]
[SourceQuality "1"]
[WhiteTeam "Dunajska Streda"]
[BlackTeam "Komarno"]
[WhiteTeamCountry "SVK"]
[BlackTeamCountry "SVK"]

1. e4 c5 2. Nf3 d6 3. d4 cxd4 4. Qxd4 a6 5. c4 Nc6 6. Qe3 Nf6 7. h3 g6 8. Nc3 Bg7 9. Be2 0-0 10. 0-0 Be6 11. Rd1 Nd7 12. Rb1 Rc8 13. Nd5 Nce5 14. Nxe5 Nxe5 15. b3 Nd7 16. Nf4 Ne5 17. Bb2 Bd7 18. Nd5 e6 19. Nc3 f5 20. exf5 gxf5 21. f4 Nf7 22. Bh5 Qh4 23. Bxf7+ Rxf7 24. Rxd6 Bh6 25. Rxd7 Qxf4 26. Qxf4 1-0

[Event "HUN-chT 2223"]
[Site "Hungary"]
[Date "2023.01.15"]
[Round "7.8"]
[White "Fogarasi, Tibor"]
[Black "Csonka, Attila Istvan"]
[Result "1-0"]
[WhiteElo "2325"]
[BlackElo "2321"]
[PlyCount "81"]
[EventDate "2022.11.20"]
[EventType "team-tourn"]
[EventRounds "9"]
[EventCountry "HUN"]
[SourceTitle "CBM 213 Extra"]
[Source "ChessBase"]
[SourceDate "2023.05.31"]
[SourceVersion "1"]
[SourceVersionDate "2023.05.31"]
[SourceQuality "1"]
[WhiteTeam "Biatorbagy"]
[BlackTeam "Haladas"]
[WhiteTeamCountry "HUN"]
[BlackTeamCountry "HUN"]

1. e4 c5 2. Nf3 e6 3. d4 cxd4 4. Nxd4 Nc6 5. Nc3 Qc7 6. a3 a6 7. Be3 Nf6 8. f4 d6 9. Qf3 Bd7 10. Bd3 Be7 11. 0-0-0 Rc8 12. Nb3 Na5 13. Nxa5 Qxa5 14. Bd2 Qc7 15. g4 Bc6 16. g5 Nd7 17. h4 Nc5 18. Kb1 Nxd3 19. cxd3 f5 20. Qh5+ g6 21. Qe2 Kf7 22. h5 d5 23. exf5 exf5 24. Be3 d4 25. Bxd4 Bxh1 26. Rxh1 Qc6 27. hxg6+ hxg6 28. Rxh8 Rxh8 29. Bxh8 Qh1+ 30. Qd1 Qxh8 31. Qb3+ Kf8 32. Qxb7 Qd4 33. Qxa6 Qxf4 34. Qxg6 Bxg5 35. Ka2 Qg4 36. d4 Bd2 37. Qf6+ Kg8 38. Nd5 f4 39. Ne7+ Kh7 40. Qf7+ Kh6 41. Ng8+ 1-0

[Event "SVK-chT 2223"]
[Site "Slovakia"]
[Date "2022.12.11"]
[Round "4.8"]
[White "Csonka, Attila Istvan"]
[Black "Lipka, Juraj"]
[Result "1/2-1/2"]
[WhiteElo "2289"]
[BlackElo "2383"]
[PlyCount "27"]
[EventDate "2022.10.22"]
[EventType "team-tourn"]
[EventRounds "11"]
[EventCountry "SVK"]
[SourceTitle "EXT 2024"]
[Source "ChessBase"]
[SourceDate "2023.10.10"]
[SourceVersion "1"]
[SourceVersionDate "2023.10.10"]
[SourceQuality "1"]
[WhiteTeam "Dunajska Streda"]
[BlackTeam "Modra"]
[WhiteTeamCountry "SVK"]
[BlackTeamCountry "SVK"]

1. e4 e5 2. Nf3 Nc6 3. Bc4 Bc5 4. c3 Nf6 5. d4 exd4 6. e5 d5 7. Bb5 Ne4 8. cxd4 Bb6 9. 0-0 0-0 10. Be3 Bg4 11. Nc3 Nxc3 12. bxc3 f6 13. exf6 Qxf6 14. Be2 1/2-1/2

[Event "HUN-chT 2223"]
[Site "Hungary"]
[Date "2022.12.04"]
[Round "2.7"]
[White "Aczel, Gergely"]
[Black "Csonka, Attila Istvan"]
[Result "1/2-1/2"]
[WhiteElo "2502"]
[BlackElo "2321"]
[PlyCount "225"]
[EventDate "2022.11.20"]
[EventType "team-tourn"]
[EventRounds "9"]
[EventCountry "HUN"]
[SourceTitle "CBM 211 Extra"]
[Source "ChessBase"]
[SourceDate "2023.01.31"]
[SourceVersion "1"]
[SourceVersionDate "2023.01.31"]
[SourceQuality "1"]
[WhiteTeam "Aquaprofit"]
[BlackTeam "Haladas"]
[WhiteTeamCountry "HUN"]
[BlackTeamCountry "HUN"]

1. c4 e5 2. e3 Nf6 3. b3 Nc6 4. Bb2 d5 5. cxd5 Nxd5 6. a3 Bd6 7. Qc2 0-0 8. Nf3 Re8 9. d3 Bf8 10. Be2 f6 11. 0-0 Be6 12. Nbd2 Qd7 13. b4 Nb6 14. Rac1 a6 15. d4 exd4 16. Nxd4 Nxd4 17. Bxd4 Nd5 18. Bd3 g6 19. Ne4 f5 20. Nc5 Bxc5 21. Qxc5 c6 22. Rfd1 Qe7 23. Qc2 Qf7 24. Rb1 Rad8 25. h3 Nf6 26. Ba1 Nh5 27. Qc3 Qg7 28. Qc2 Qf7 29. Be2 Ng7 30. Qc3 h6 31. Bf3 Kh7 32. a4 Rxd1+ 33. Rxd1 Re7 34. Rd4 Rd7 35. e4 fxe4 36. Bxe4 Qf6 37. Qd3 Bd5 38. Bxd5 cxd5 39. Qb1 Qe6 40. Rd1 Nf5 41. Re1 Qf7 42. Be5 d4 43. Qd3 Qd5 44. b5 axb5 45. axb5 Nd6 46. Qxd4 Qxd4 47. Bxd4 Nxb5 48. Bb2 Nc7 49. g4 Kg8 50. Kg2 Kf7 51. Kg3 Rd3+ 52. f3 Ne6 53. Re4 b5 54. h4 Rd5 55. Bc1 h5 56. Be3 Ke7 57. Rb4 Kd6 58. Rb1 Kc6 59. Ra1 Nc5 60. Ra8 b4 61. Rg8 b3 62. Rb8 Nb7 63. Bc1 Rc5 64. Bb2 Rc2 65. Ba1 b2 66. Bxb2 Rxb2 67. Rg8 Nd6 68. Rxg6 hxg4 69. fxg4 Kd5 70. Kf4 Rf2+ 71. Kg5 Ke5 72. Kh6 Rh2 73. h5 Ne4 74. Kg7 Rb2 75. Ra6 Rb7+ 76. Kg6 Kf4 77. h6 Kxg4 78. h7 Rb8 79. Ra7 Rb6+ 80. Kg7 Rb8 81. h8Q Rxh8 82. Kxh8 Kf5 83. Kg7 Ke5 84. Ra5+ Ke6 85. Kg6 Nd6 86. Kg5 Ne4+ 87. Kf4 Nd6 88. Rc5 Nf7 89. Ra5 Nd6 90. Re5+ Kf6 91. Re1 Nf7 92. Ke4 Ke6 93. Kd4+ Kd6 94. Ra1 Ke6 95. Ra5 Nd6 96. Ra6 Ke7 97. Ke5 Nc4+ 98. Kd5 Ne3+ 99. Kd4 Ng4 100. Ke4 Nf6+ 101. Kf5 Nd7 102. Re6+ Kf7 103. Re1 Nf6 104. Re2 Nd7 105. Re6 Nf8 106. Rh6 Ke7 107. Rh1 Nd7 108. Rd1 Nf8 109. Re1+ Kd6 110. Rd1+ Ke7 111. Rh1 Nd7 112. Rh6 Nf8 113. Rh8 1/2-1/2